Yüklüyor......

Modern Banking

Detaylı Bibliyografya
Yazar: Sayers, R S
Materyal Türü: Printed Book
Dil:Undetermined
English
Baskı/Yayın Bilgisi: Bombay Oxford University Press 1980
Edisyon:7
Konular:
LEADER 00499nam a2200157Ia 4500
008 140306s9999 xx 000 0 und d
041 |a eng 
082 |a 332  |b SAY/MO 
100 |a Sayers, R S 
245 |a Modern Banking 
250 |a 7 
260 |a Bombay  |b Oxford University Press  |c 1980 
650 |a Financial Economics 
942 |2 ddc  |c BK 
999 |c 118678  |d 118678 
952 |0 0  |1 0  |2 ddc  |4 0  |6 332_000000000000000_SAYMO  |7 0  |9 117723  |a KAUHCV  |b KAUHCV  |d 2004-05-04  |o 332 SAY/MO  |p KAU_HCV-15052  |r 2014-03-22  |w 2014-03-22  |y BK